000 00394cam a2200169 4500
001 D13928
008 090401t1933 xxu||||| |||| 00| 0 eng d
035 _a(Sirsi) u12355
041 _aeng
100 _aSmith, Sydney A.
245 4 _aThe valuation of land and house
260 _aLondon
_bEstates Gazette
_c1933
350 _a0
520 _aShelf 135
942 _n0
948 _c04/03/1997
999 _c86983
_d86983